| 000 | 00714nam a2200181 4500 | ||
|---|---|---|---|
| 003 | LK-CoMWRAF | ||
| 005 | 20240128211738.0 | ||
| 008 | 240128b |||||||| |||| 00| 0 eng d | ||
| 040 |
_aLK-CoMWRAF _dLK-CoMWRAF _eLK-CoMWRAF |
||
| 041 |
_asin _atam _aeng |
||
| 082 |
_a746.44 _bEMB |
||
| 245 | _aඑම්බ්රොයිඩර් මැස්ම ඉගෙන ගන්න = எம்புறொய்டறி தையல் கற்றுக்கொள்ளுங்கள் = Learn Embroidery | ||
| 246 | _aEmbroidar masma igena ganna = Empuṟoyṭaṟi taiyal kaṟṟukkoḷḷuṅkaḷ | ||
| 260 |
_aColombo : _bSinger (Sri Lanka) Ltd |
||
| 650 | _aSewing | ||
| 650 | _aEmbroidering | ||
| 942 | _cBK | ||
| 999 |
_c4684 _d4684 |
||